00828nam a2200205 4500003000400000005001700004008004100021020003800062040002500100082001500125100004600140245017600186264008900362300004900451336002100500337002500521338002300546700003400569700001900603OSt20240321141829.0240321s2023 my o gr 000 0 may d a9789830426860cRM 0.00qpaperback aPPAKbengcPPAKerda04223a297.140 aal-Alwani, Taha Jabir Fayyad, Dr.eAuthor10a'adab aliakhtilaf fi al'iislam =bADAB PERBEZAAN PENDAPAT DALAM ISLAM / cDR. TAHA JABIR AL-ALWANI ; Diterjemahkan oleh : MUHAMMAD RIVAI BATUBARA ; Editor : JAKIM dan ABIM 1aMalaysia :bJabatan Kemajuan Islam Malaysia dan Angkatan Belia Islam Malaysia,c2023 axxvi, 164 pages :bColor photograph ;c23 cm atext2rdacontent aunmediated2rdamedia avolume2rdacarrier aMuhammad Rivai Batubara, Haji aJAKIM dan ABIM